[Event "Mittelfrank Regionalliga Sud-Ost 2223"]
[Site "Mittelfranken"]
[Date "2023.03.05"]
[Round "7.4"]
[White "Kieffer, Joachim"]
[Black "Popp, Michael"]
[Result "1/2-1/2"]
[WhiteElo "2040"]
[BlackElo "1955"]
[PlyCount "78"]
[EventDate "2022.10.09"]
[EventType "team-tourn"]
[EventRounds "9"]
[EventCountry "GER"]
[SourceTitle "EXT 2024"]
[Source "ChessBase"]
[SourceDate "2023.10.10"]
[SourceVersion "1"]
[SourceVersionDate "2023.10.10"]
[SourceQuality "1"]
[WhiteTeam "Bruckmuehl"]
[BlackTeam "Landau Dingolfing"]
[WhiteTeamCountry "GER"]
[BlackTeamCountry "GER"]

1. d4 c5 2. d5 d6 3. e4 g6 4. Nc3 Bg7 5. Nf3 Bg4 6. Be2 Nf6 7. 0-0 0-0 8. Re1 Nbd7 9. h3 Bxf3 10. Bxf3 Rb8 11. Be2 Ne8 12. Bf1 Nc7 13. a4 b6 14. Nb5 Ra8 15. c3 a6 16. Nxc7 Qxc7 17. Bg5 Bf6 18. Bxf6 exf6 19. c4 Rfe8 20. Ra3 Re7 21. Rae3 Rae8 22. Qd2 a5 23. f4 Qd8 24. h4 f5 25. exf5 Rxe3 26. Rxe3 Rxe3 27. Qxe3 Qxh4 28. fxg6 hxg6 29. g3 Qd8 30. Bh3 Nf6 31. g4 Qe8 32. Qxe8+ Nxe8 33. g5 f6 34. Bd7 Nc7 35. Kf2 Kf7 36. Ke3 Na6 37. Bg4 Ke7 38. Bc8 Nb4 39. Kd2 Kf7 1/2-1/2

[Event "Mittelfrank Regionalliga Sud-Ost 2223"]
[Site "Mittelfranken"]
[Date "2022.10.09"]
[Round "1.5"]
[White "Seifert, Werner"]
[Black "Popp, Michael"]
[Result "1-0"]
[WhiteElo "1887"]
[BlackElo "1955"]
[PlyCount "77"]
[EventDate "2022.10.09"]
[EventType "team-tourn"]
[EventRounds "9"]
[EventCountry "GER"]
[SourceTitle "EXT 2024"]
[Source "ChessBase"]
[SourceDate "2023.10.10"]
[SourceVersion "1"]
[SourceVersionDate "2023.10.10"]
[SourceQuality "1"]
[WhiteTeam "Groebenzell II"]
[BlackTeam "Landau Dingolfing"]
[WhiteTeamCountry "GER"]
[BlackTeamCountry "GER"]

1. e4 c6 2. d4 g6 3. Nc3 d5 4. h3 Bg7 5. Nf3 dxe4 6. Nxe4 Nf6 7. Nxf6+ exf6 8. Bc4 0-0 9. 0-0 Qd6 10. Be3 Nd7 11. Bb3 Re8 12. Qd2 Nf8 13. Bf4 Qd8 14. d5 c5 15. c4 g5 16. Bg3 h6 17. Rfe1 Ng6 18. Rxe8+ Qxe8 19. Re1 Qd8 20. Qe3 Bf8 21. Qe8 Bd7 22. Qxd8 Rxd8 23. Bc7 Rc8 24. d6 Nf4 25. Bc2 Re8 26. Rxe8 Bxe8 27. Bf5 Ne6 28. Nd2 b6 29. Ne4 Kg7 30. Bb8 Bc6 31. f3 a6 32. Bc7 b5 33. cxb5 axb5 34. Bxe6 fxe6 35. Nxc5 Kf7 36. Kf1 Ke8 37. Nxe6 Bxd6 38. Bxd6 Kd7 39. Nd4 1-0

[Event "GER-ch Net Amateur Gr-B Vor2"]
[Site "Playchess.com INT"]
[Date "2020.04.15"]
[Round "8"]
[White "Popp, Michael"]
[Black "Hoffmann, Kay"]
[Result "1-0"]
[WhiteElo "1663"]
[BlackElo "1681"]
[PlyCount "101"]
[EventDate "2020.04.15"]
[EventType "swiss (blitz)"]
[EventRounds "9"]
[EventCountry "GER"]
[SourceTitle "CBM 196 Extra"]
[Source "ChessBase"]
[SourceDate "2020.07.31"]
[SourceVersion "1"]
[SourceVersionDate "2020.07.31"]
[SourceQuality "1"]

1. e4 d5 2. exd5 Qxd5 3. Nc3 Qa5 4. Bc4 Nf6 5. d4 Nc6 6. Nge2 Bg4 7. h3 Bh5 8. 0-0 0-0-0 9. Be3 e5 10. d5 Ne7 11. a3 Nexd5 12. Nxd5 Nxd5 13. b4 Nxe3 14. Qxd8+ Kxd8 15. bxa5 Nxf1 16. Kxf1 Bc5 17. Ng3 Bg6 18. Bd3 Bxd3+ 19. cxd3 Ke7 20. Rb1 b6 21. axb6 cxb6 22. a4 Rd8 23. Ne4 Rxd3 24. Nxc5 bxc5 25. Rb7+ Rd7 26. Rb5 Rc7 27. Ke2 Kd6 28. Kd3 c4+ 29. Kc3 f6 30. Rb8 Kd5 31. f3 Rc5 32. Rd8+ Kc6 33. Rg8 Ra5 34. Rxg7 Rxa4 35. Rxh7 a5 36. Rf7 Rb4 37. Rxf6+ Kc5 38. Ra6 a4 39. h4 Rb3+ 40. Kc2 a3 41. h5 Kd4 42. h6 Rb2+ 43. Kc1 Kc3 44. Rxa3+ Rb3 45. Rxb3+ cxb3 46. Kb1 Kd3 47. h7 Ke2 48. h8Q Kf2 49. Qxe5 Kxg2 50. Qe4 Kf2 51. f4 1-0

[Event "GER-ch Net Amateur Gr-B Vor2"]
[Site "Playchess.com INT"]
[Date "2020.04.15"]
[Round "2"]
[White "Popp, Michael"]
[Black "Thomzik, Dirk"]
[Result "1-0"]
[WhiteElo "1638"]
[BlackElo "1513"]
[PlyCount "81"]
[EventDate "2020.04.15"]
[EventType "swiss (blitz)"]
[EventRounds "9"]
[EventCountry "GER"]
[SourceTitle "CBM 196 Extra"]
[Source "ChessBase"]
[SourceDate "2020.07.31"]
[SourceVersion "1"]
[SourceVersionDate "2020.07.31"]
[SourceQuality "1"]

1. e4 d5 2. exd5 Qxd5 3. Nc3 Qd6 4. Bc4 a6 5. d4 Nf6 6. Nge2 b5 7. Bf4 Qb6 8. Bb3 Bb7 9. 0-0 e6 10. a3 Bd6 11. Be3 0-0 12. d5 c5 13. dxe6 fxe6 14. Bxe6+ Kh8 15. Bh3 Rd8 16. Qe1 Nc6 17. Bf4 Bxf4 18. Nxf4 Re8 19. Qc1 Nd4 20. b4 c4 21. Qb2 Nc6 22. Rae1 Qc7 23. Ncd5 Nxd5 24. Nxd5 Qd6 25. Rd1 Qg6 26. Nf4 Qg5 27. Ne6 Qg6 28. Nc7 Ne5 29. f3 Qb6+ 30. Qd4 Qxc7 31. Rfe1 Ng6 32. Bf5 Rxe1+ 33. Rxe1 Rd8 34. Qg4 Qb6+ 35. Kh1 Qf6 36. h3 Ne5 37. Qh5 Ng6 38. Bxg6 Qxg6 39. Qh4 Rf8 40. Qe7 Qf5 41. Qxb7 1-0

[Event "Rostock SSC op 16th"]
[Site "Rostock"]
[Date "2017.07.28"]
[Round "4"]
[White "Kunow, Frank"]
[Black "Popp, Michael"]
[Result "1-0"]
[WhiteElo "1905"]
[BlackElo "1759"]
[PlyCount "59"]
[EventDate "2017.07.26"]
[EventType "swiss"]
[EventRounds "7"]
[EventCountry "GER"]
[SourceTitle "EXT 2018"]
[Source "ChessBase"]
[SourceDate "2017.10.13"]
[SourceVersion "1"]
[SourceVersionDate "2017.10.13"]
[SourceQuality "1"]

1. Nf3 Nf6 2. c4 e6 3. g3 d5 4. Bg2 dxc4 5. Qa4+ c6 6. Qxc4 b5 7. Qc2 Bb7 8. d4 Nbd7 9. 0-0 Be7 10. Nc3 0-0 11. Ng5 h6 12. Nge4 Rc8 13. Rd1 Nd5 14. a3 a5 15. Nc5 Bxc5 16. dxc5 Qe7 17. Nxd5 cxd5 18. b4 axb4 19. axb4 Ra8 20. Bb2 Bc6 21. e4 Rxa1 22. Bxa1 Ra8 23. exd5 exd5 24. Bc3 Nf6 25. Qb2 Ra4 26. Re1 Qd7 27. Bxf6 gxf6 28. Qxf6 Ra7 29. Qxh6 Ra8 30. Re5 1-0

[Event "Regionalliga SO 1516"]
[Site "Bayern"]
[Date "2016.04.10"]
[Round "9.3"]
[White "Popp, Michael"]
[Black "Hofmann, Juergen2"]
[Result "0-1"]
[WhiteElo "1981"]
[BlackElo "2159"]
[PlyCount "56"]
[EventDate "2015.10.11"]
[EventType "team-tourn"]
[EventRounds "9"]
[EventCountry "GER"]
[SourceTitle "EXT 2018"]
[Source "ChessBase"]
[SourceDate "2017.10.13"]
[SourceVersion "1"]
[SourceVersionDate "2017.10.13"]
[SourceQuality "1"]
[WhiteTeam "Geiselhoering"]
[BlackTeam "Graefelfing"]
[WhiteTeamCountry "GER"]
[BlackTeamCountry "GER"]

1. Nf3 c5 2. g3 d5 3. c4 Nf6 4. Bg2 e6 5. 0-0 Be7 6. b3 Nc6 7. Bb2 d4 8. e3 e5 9. exd4 exd4 10. d3 0-0 11. Re1 Bg4 12. h3 Bh5 13. Na3 Qd7 14. g4 Bg6 15. Nh4 Bd6 16. Nc2 Rae8 17. Rxe8 Rxe8 18. Nxg6 hxg6 19. Bxc6 Qxc6 20. b4 b6 21. b5 Qb7 22. Qf1 Qf3 23. Bc1 Re2 24. Ne1 Bh2+ 25. Kxh2 Rxf2+ 26. Qxf2 Qxf2+ 27. Ng2 Qf1 28. g5 Nd7 0-1

[Event "Niederbayernliga 1415"]
[Site "Bayern"]
[Date "2015.01.31"]
[Round "6.1"]
[White "Bernauer, Thomas"]
[Black "Popp, Michael"]
[Result "1/2-1/2"]
[WhiteElo "1928"]
[BlackElo "1974"]
[PlyCount "48"]
[EventDate "2014.10.19"]
[EventType "team-tourn"]
[EventRounds "9"]
[EventCountry "GER"]
[SourceTitle "EXT 2023"]
[Source "ChessBase"]
[SourceDate "2022.10.05"]
[SourceVersion "1"]
[SourceVersionDate "2022.10.05"]
[SourceQuality "1"]
[WhiteTeam "Grafenau"]
[BlackTeam "Geiselhoering"]
[WhiteTeamCountry "GER"]
[BlackTeamCountry "GER"]

1. e4 e6 2. d4 d5 3. Nc3 h6 4. exd5 exd5 5. Nf3 Nf6 6. Bd3 c5 7. 0-0 c4 8. Re1+ Be7 9. Bf1 Nc6 10. b3 cxb3 11. axb3 0-0 12. Ne5 Bb4 13. Re3 Nxe5 14. dxe5 Ng4 15. Rg3 Bxc3 16. Rxc3 Qh4 17. h3 Qxf2+ 18. Kh1 Qh4 19. Qxd5 Rd8 20. Qc5 Nf2+ 21. Kh2 Rd1 22. Rc4 Ne4 23. Qe3 Rxf1 24. Rxe4 Qf2 1/2-1/2

[Event "Niederbayernliga 1415"]
[Site "Bayern"]
[Date "2014.11.09"]
[Round "2.1"]
[White "Popp, Michael"]
[Black "Theiss, Johann"]
[Result "1/2-1/2"]
[WhiteElo "1974"]
[BlackElo "1991"]
[PlyCount "79"]
[EventDate "2014.10.19"]
[EventType "team-tourn"]
[EventRounds "9"]
[EventCountry "GER"]
[SourceTitle "EXT 2023"]
[Source "ChessBase"]
[SourceDate "2022.10.05"]
[SourceVersion "1"]
[SourceVersionDate "2022.10.05"]
[SourceQuality "1"]
[WhiteTeam "Geiselhoering"]
[BlackTeam "Landau Dingolfing"]
[WhiteTeamCountry "GER"]
[BlackTeamCountry "GER"]

1. d4 f5 2. c4 e6 3. Nf3 Nf6 4. g3 Bb4+ 5. Bd2 Qe7 6. a3 Bxd2+ 7. Nbxd2 a5 8. Bg2 a4 9. 0-0 0-0 10. Qc2 d6 11. e4 fxe4 12. Nxe4 Nc6 13. Nc3 Bd7 14. Rfe1 Nd8 15. Re2 Qf7 16. Rae1 Qh5 17. h4 h6 18. Nd2 Qg4 19. Qd3 Nc6 20. Nde4 Ne8 21. f4 Qf5 22. Qd1 Na5 23. Qd3 Nb3 24. Re3 Ra5 25. Kh2 Qf7 26. Bh3 g6 27. Nf2 Ng7 28. Ng4 Kh7 29. d5 Nc5 30. Qe2 Raa8 31. Nf2 Rae8 32. Nd3 Nxd3 33. Qxd3 Nf5 34. Bxf5 exf5 35. Kg2 Rxe3 36. Rxe3 Re8 37. Kf2 Kg8 38. Qd4 Rxe3 39. Qxe3 b6 40. Qd4 1/2-1/2

[Event "Niederbayernliga 1314"]
[Site "Bayern"]
[Date "2014.??.??"]
[Round "9"]
[White "Popp, Michael"]
[Black "Grum, Theodor"]
[Result "1-0"]
[WhiteElo "2004"]
[BlackElo "1848"]
[PlyCount "78"]
[EventDate "2013.10.13"]
[EventType "team-tourn"]
[EventRounds "9"]
[EventCountry "GER"]
[SourceTitle "EXT 2023"]
[Source "ChessBase"]
[SourceDate "2022.10.05"]
[SourceVersion "1"]
[SourceVersionDate "2022.10.05"]
[SourceQuality "1"]
[WhiteTeam "Geiselhoering"]
[BlackTeam "Grafenau"]
[WhiteTeamCountry "GER"]
[BlackTeamCountry "GER"]

1. d4 Nf6 2. Nf3 d5 3. c4 e6 4. e3 Nbd7 5. Qc2 c5 6. dxc5 Bxc5 7. Nc3 b6 8. cxd5 exd5 9. a3 0-0 10. Be2 Bb7 11. 0-0 Rc8 12. b4 Bd6 13. Qb3 Qe7 14. Bb2 Ne5 15. Nb5 Nxf3+ 16. Bxf3 Ba6 17. Nxd6 Qxd6 18. b5 Bb7 19. Rfd1 Rfd8 20. Rd2 Qe7 21. Bxf6 Qxf6 22. Rad1 Rc5 23. h3 Qe5 24. Rd4 f5 25. Qd3 Kf7 26. g4 g6 27. gxf5 gxf5 28. Kh1 Ke6 29. Rh4 Rd7 30. Rh6+ Ke7 31. Rxh7+ Kd8 32. Rxd7+ Kxd7 33. a4 Qh8 34. Qxf5+ Kc7 35. Qf4+ Kc8 36. Kh2 Qe8 37. e4 Rc7 38. exd5 Rf7 39. Bg4+ Kd8 1-0

[Event "Niederbayernliga 1213"]
[Site "Bayern"]
[Date "2013.??.??"]
[Round "6"]
[White "Mueller, Michael3"]
[Black "Popp, Michael"]
[Result "1/2-1/2"]
[WhiteElo "2075"]
[BlackElo "2010"]
[PlyCount "31"]
[EventDate "2012.10.14"]
[EventType "team-tourn"]
[EventRounds "9"]
[EventCountry "GER"]
[SourceTitle "EXT 2023"]
[Source "ChessBase"]
[SourceDate "2022.10.05"]
[SourceVersion "1"]
[SourceVersionDate "2022.10.05"]
[SourceQuality "1"]
[WhiteTeam "Regen/Viechtach"]
[BlackTeam "Geiselhoering"]
[WhiteTeamCountry "GER"]
[BlackTeamCountry "GER"]

1. Nf3 d5 2. g3 c6 3. Bg2 Bg4 4. 0-0 Nd7 5. d4 e6 6. Nbd2 Ngf6 7. c4 Be7 8. Qc2 0-0 9. e4 dxe4 10. Nxe4 Bf5 11. Nxf6+ Bxf6 12. Qe2 c5 13. Rd1 Qe7 14. Be3 Rac8 15. Rac1 b6 16. b3 1/2-1/2

[Event "Niederbayernliga 1314"]
[Site "Bayern"]
[Date "2013.??.??"]
[Round "4"]
[White "Westenthanner, Paul"]
[Black "Popp, Michael"]
[Result "1-0"]
[WhiteElo "1951"]
[BlackElo "2004"]
[PlyCount "113"]
[EventDate "2013.10.13"]
[EventType "team-tourn"]
[EventRounds "9"]
[EventCountry "GER"]
[SourceTitle "EXT 2023"]
[Source "ChessBase"]
[SourceDate "2022.10.05"]
[SourceVersion "1"]
[SourceVersionDate "2022.10.05"]
[SourceQuality "1"]
[WhiteTeam "Landshut II"]
[BlackTeam "Geiselhoering"]
[WhiteTeamCountry "GER"]
[BlackTeamCountry "GER"]

1. e4 e6 2. d4 d5 3. exd5 exd5 4. Nf3 c5 5. c3 Nc6 6. Be3 Qb6 7. Qb3 c4 8. Qxb6 axb6 9. g3 b5 10. Bg2 b4 11. a3 Nf6 12. 0-0 h6 13. cxb4 Nxb4 14. Nc3 Nc2 15. Rac1 Nxe3 16. fxe3 Be6 17. Rfe1 Bd6 18. Nd2 Kd7 19. e4 dxe4 20. Ncxe4 Nxe4 21. Bxe4 Rac8 22. d5 Bh3 23. Nxc4 Bc5+ 24. Kh1 Rhe8 25. Bd3 Rxe1+ 26. Rxe1 f6 27. b4 Bf2 28. Re2 Bd4 29. Re4 Bf2 30. Rh4 b5 31. Rxh3 Rxc4 32. Bxc4 bxc4 33. g4 Kd6 34. Kg2 Bd4 35. Kf1 Kxd5 36. Ke2 Be5 37. a4 Bd6 38. b5 Kc5 39. Rh5+ Kb4 40. b6 Kxa4 41. b7 Kb4 42. Kd2 g5 43. Rxh6 Kb3 44. Rxf6 c3+ 45. Kc1 Ba3+ 46. Kd1 c2+ 47. Ke2 c1Q 48. b8Q+ Bb4 49. Rf3+ Ka4 50. Qe8+ Ka5 51. Qd8+ Kb5 52. Qd7+ Ka5 53. Qc7+ Kb5 54. Rf5+ Bc5 55. Qd7+ Kb6 56. Rf6+ Ka5 57. Qd2+ 1-0

[Event "Mecklenburg VP LL2 West 1213"]
[Site "Mecklenburg VP"]
[Date "2012.11.25"]
[Round "3.4"]
[White "Schmidtke, Wilfried"]
[Black "Popp, Michael"]
[Result "0-1"]
[WhiteElo "1657"]
[BlackElo "1680"]
[PlyCount "60"]
[EventDate "2012.10.14"]
[EventType "team-tourn"]
[EventRounds "9"]
[EventCountry "GER"]
[SourceTitle "EXT 2022"]
[Source "ChessBase"]
[SourceDate "2021.10.06"]
[SourceVersion "1"]
[SourceVersionDate "2021.10.06"]
[SourceQuality "1"]
[WhiteTeam "Wismar ASV Gruen-Weiss II"]
[BlackTeam "Schwerin SF IV"]
[WhiteTeamCountry "GER"]
[BlackTeamCountry "GER"]

1. d4 Nf6 2. c4 e6 3. Nc3 Bb4 4. g3 0-0 5. Bg2 d5 6. Nf3 Nbd7 7. 0-0 Bxc3 8. bxc3 Ne4 9. Qc2 b6 10. Nd2 Nxd2 11. Bxd2 c6 12. cxd5 exd5 13. e4 Bb7 14. e5 Re8 15. f4 c5 16. f5 Rc8 17. Qd1 Nf8 18. Qg4 Rc6 19. f6 Ng6 20. h4 gxf6 21. h5 fxe5 22. hxg6 hxg6 23. Bg5 f6 24. Be3 Kg7 25. Rf3 Bc8 26. Bh6+ Kxh6 27. Qh4+ Kg7 28. dxe5 Rxe5 29. Raf1 Ba6 30. Rxf6 Rxf6 0-1

[Event "Mecklenburg VP LL2 West 1112"]
[Site "Mecklenburg VP"]
[Date "2012.03.18"]
[Round "8.5"]
[White "Popp, Michael"]
[Black "Mitscherling, Reinhard"]
[Result "1-0"]
[WhiteElo "1642"]
[BlackElo "1867"]
[PlyCount "95"]
[EventDate "2011.10.02"]
[EventType "team-tourn"]
[EventRounds "9"]
[EventCountry "GER"]
[SourceTitle "EXT 2022"]
[Source "ChessBase"]
[SourceDate "2021.10.06"]
[SourceVersion "1"]
[SourceVersionDate "2021.10.06"]
[SourceQuality "1"]
[WhiteTeam "Schwerin SF III"]
[BlackTeam "Ludwigslust Post SV"]
[WhiteTeamCountry "GER"]
[BlackTeamCountry "GER"]

1. e4 e5 2. Nf3 Nc6 3. Bb5 Nf6 4. 0-0 d6 5. Re1 Be7 6. c3 Bd7 7. d4 0-0 8. Nbd2 exd4 9. cxd4 a6 10. Ba4 Bg4 11. h3 Bh5 12. Qc2 Na7 13. b4 Rc8 14. d5 c5 15. dxc6 Nxc6 16. Bxc6 Rxc6 17. Qb3 Bxf3 18. Nxf3 b5 19. e5 dxe5 20. Nxe5 Re6 21. Bb2 Qd5 22. Qc3 Bd6 23. Nd7 Bh2+ 24. Kxh2 Qxd7 25. Rad1 Qc6 26. Qg3 Rxe1 27. Rxe1 Rd8 28. a3 h6 29. Rc1 Qe6 30. Rc5 Kh7 31. Qf3 Rd6 32. Be5 Rb6 33. Bc7 Rd6 34. Bxd6 Qxd6+ 35. g3 Qd4 36. Rc6 Kg6 37. Rxa6 h5 38. Rc6 Kh7 39. Qf5+ Kh6 40. Rc5 Qb2 41. Rxb5 g6 42. Qf4+ Kg7 43. a4 Nd7 44. a5 h4 45. Kg1 hxg3 46. Qxg3 Qe2 47. Rd5 Qe6 48. Rd3 1-0

[Event "Mecklenburg VP LL2 West 1112"]
[Site "Mecklenburg VP"]
[Date "2012.03.04"]
[Round "6.4"]
[White "Goertz, Frank"]
[Black "Popp, Michael"]
[Result "1-0"]
[WhiteElo "1884"]
[BlackElo "1642"]
[PlyCount "114"]
[EventDate "2011.10.02"]
[EventType "team-tourn"]
[EventRounds "9"]
[EventCountry "GER"]
[SourceTitle "EXT 2022"]
[Source "ChessBase"]
[SourceDate "2021.10.06"]
[SourceVersion "1"]
[SourceVersionDate "2021.10.06"]
[SourceQuality "1"]
[WhiteTeam "Neukloster III"]
[BlackTeam "Schwerin SF III"]
[WhiteTeamCountry "GER"]
[BlackTeamCountry "GER"]

1. e4 e5 2. f4 Bc5 3. Nf3 Nc6 4. fxe5 Nxe5 5. Nxe5 Qh4+ 6. g3 Qxe4+ 7. Qe2 Qxh1 8. Ng6+ Ne7 9. Nxh8 Kf8 10. Qc4 Qd5 11. Nc3 Qe6+ 12. Be2 Bb6 13. d4 d5 14. Qd3 Qf6 15. Be3 Kg8 16. Nxf7 Qxf7 17. 0-0-0 Bf5 18. Qd2 Qg6 19. g4 Be4 20. h4 Rf8 21. h5 Qe6 22. Re1 Ba5 23. a3 Bxc3 24. Qxc3 c6 25. Qd2 b6 26. h6 Rf7 27. hxg7 Rxg7 28. Bf4 Ng6 29. Bh6 Rf7 30. Bd3 Qxg4 31. Bxe4 dxe4 32. Qh2 Qc8 33. Rxe4 Rf1+ 34. Kd2 Qd7 35. Qe2 Rf5 36. Re8+ Kf7 37. Re4 Rd5 38. c3 Rf5 39. Kc2 c5 40. Qc4+ Qd5 41. Qe2 Rh5 42. Bd2 Qf5 43. Kb3 a5 44. c4 Rh3+ 45. Bc3 h5 46. dxc5 bxc5 47. Re8 a4+ 48. Ka2 Rh1 49. Be1 h4 50. Ra8 h3 51. Qe8+ Kg7 52. Ra7+ Kh6 53. Bd2+ Kh5 54. Qe2+ Kh4 55. Rh7+ Kg3 56. Be1+ Kf4 57. Rh5 Qe4 1-0

[Event "Niederbayernliga 1112"]
[Site "Bayern"]
[Date "2012.??.??"]
[Round "7"]
[White "Popp, Michael"]
[Black "Schindlbeck, Tobias"]
[Result "1/2-1/2"]
[WhiteElo "2018"]
[BlackElo "1969"]
[PlyCount "62"]
[EventDate "2011.10.??"]
[EventType "team-tourn"]
[EventRounds "9"]
[EventCountry "GER"]
[SourceTitle "EXT 2023"]
[Source "ChessBase"]
[SourceDate "2022.10.05"]
[SourceVersion "1"]
[SourceVersionDate "2022.10.05"]
[SourceQuality "1"]
[WhiteTeam "Geiselhoering"]
[BlackTeam "Ergolding"]
[WhiteTeamCountry "GER"]
[BlackTeamCountry "GER"]

1. d4 Nf6 2. Nf3 d5 3. c4 e6 4. Nc3 c6 5. Bg5 Nbd7 6. e3 Qa5 7. Bxf6 Nxf6 8. Nd2 Be7 9. Bd3 0-0 10. 0-0 Re8 11. Qe2 Bd7 12. Rfd1 Rad8 13. a3 Qc7 14. f4 c5 15. dxc5 Bxc5 16. b4 Be7 17. Nf3 Rc8 18. c5 b6 19. Ba6 Rcd8 20. Nb5 Qb8 21. Rdc1 bxc5 22. bxc5 Bxc5 23. Rxc5 Qb6 24. Qc2 Ne4 25. Rc1 Qxa6 26. a4 Nxc5 27. Nc7 Qb6 28. Nxe8 Ne4 29. Nc7 Qxe3+ 30. Kh1 Nf2+ 31. Kg1 Nd3+ 1/2-1/2

[Event "Niederbayernliga 1112"]
[Site "Bayern"]
[Date "2012.??.??"]
[Round "5"]
[White "Popp, Michael"]
[Black "Theiss, Johann"]
[Result "1-0"]
[WhiteElo "2018"]
[BlackElo "1986"]
[PlyCount "86"]
[EventDate "2011.10.??"]
[EventType "team-tourn"]
[EventRounds "9"]
[EventCountry "GER"]
[SourceTitle "EXT 2023"]
[Source "ChessBase"]
[SourceDate "2022.10.05"]
[SourceVersion "1"]
[SourceVersionDate "2022.10.05"]
[SourceQuality "1"]
[WhiteTeam "Geiselhoering"]
[BlackTeam "Landau Dingolfing"]
[WhiteTeamCountry "GER"]
[BlackTeamCountry "GER"]

1. d4 f5 2. g3 Nf6 3. Bg2 e6 4. c4 d5 5. Nh3 c6 6. 0-0 Bd6 7. Bf4 0-0 8. Nd2 Qe7 9. Qc2 b6 10. Rac1 Ba6 11. Bxd6 Qxd6 12. Rfe1 Rc8 13. c5 Qe7 14. e3 Nbd7 15. b4 h6 16. f3 Bb7 17. e4 fxe4 18. fxe4 Qd8 19. e5 Nh7 20. Nf4 Ndf8 21. Rf1 Qe8 22. Rf2 Ba6 23. Bf3 g6 24. Kg2 Rc7 25. Re1 Qf7 26. Bg4 Qe8 27. h4 Rg7 28. Nb1 Bc4 29. Nd2 b5 30. Nb3 Bxb3 31. Qxb3 a5 32. a3 axb4 33. axb4 Rga7 34. Qb1 Kg7 35. Ref1 Re7 36. Nd3 Raa7 37. Ra2 Rf7 38. Qa1 Rxa2+ 39. Qxa2 Re7 40. Qa5 Qd7 41. Ra1 g5 42. h5 Kf7 43. Be2 Qc8 1-0